00474 a2200157 4500020001800000050001900018100002900037245008000066264005100146300003300197500001900230650001500249700001600264700001800280700001800298 a9780340771976 aQA36.2 ECC2000 a Eccles, Anthonyeauthor aMEI structured mathematics b Statistics 1 / cAnthony Eccles ... [et al.]. aLondon :b Hodder and Stoughton, cop /c 2000. aviii, 200 p. : ill. ; 25 cm. alncludes index astatistics aAlan Graham aLiam Hennessy aRoger Porkess